| 000 | 00839cam a2200265 4500 | ||
|---|---|---|---|
| 999 |
_c127257 _d127257 |
||
| 001 | 347337 | ||
| 003 | ARRUPE | ||
| 005 | 20171122115921.0 | ||
| 008 | 700525s1970 nyu b 001 0 eng | ||
| 010 | _a 76110168 | ||
| 020 | _a0471342254 | ||
| 040 |
_aDLC _cDLC _dDLC |
||
| 050 | 0 | 0 | _aBF-221-1 |
| 082 | 0 | 0 | _a155.2 |
| 100 | 1 |
_aHall, Calvin S. _q(Calvin Springer), _d1909-1985. _937672 |
|
| 245 | 1 | 0 |
_aTheories of personality _c[by] Calvin S. Hall [and] Gardner Lindzey. |
| 250 | _a4th ed. | ||
| 260 |
_aNew York, _bWiley _c1997 |
||
| 300 |
_axiv, 622 p. _c24 cm. |
||
| 504 | _aIncludes bibliographies. | ||
| 650 | 0 |
_aPersonality. _911480 |
|
| 700 | 1 |
_aLindzey, Gardner. _937673 |
|
| 906 |
_a7 _bcbc _corignew _du _encip _f19 _gy-gencatlg |
||
| 942 |
_2lcc _cMONOGRAPH |
||